000 00788nam a2200193 a 4500
008 191202s2015 ||||||||||||||||| || u
020 _a9789351526186
050 _aRC 667 Car
100 _aChopra, HK
245 1 0 _aCardiological Society of India : cardiology update 2014
_cEdited by HK Chopra ; S Ramakrishnan ; AK Pancholia ; Manish Bansal
260 _aNew Delhi
_bJaypee Brothers Medical Publishers (P) Ltd
_c2015
300 _aliii, 1244 pages : illustrations
350 _a86.85
650 _aCARDIOLOGY
700 _aBansal, Manish
700 _aPancholia, AK
700 _aRamakrishnan, S
995 _aMEDICAL LIBRARY OPEN ACCESS
_e904594
_FCBU-SCHOOL OF MEDICINE LIBRARY (Ndola)
_I86.85
_jRC 667 Car
_M1
_UAVAILABLE
_WDec 13, 2019
_y904594
_ZMedical Library Open Access Collection
999 _c30920
_d30920